00864nam a22002297a 45000010005000000030006000050050017000110080041000280200018000690400029000870500013001160820011001291000029001402450041001692600037002103000048002475050007002955200261003025210018005635210018005816500035005998672FISKH20251009143733.0251009b cb ||||| |||| 00| 0 eng d a9781338048797 aFISKHbengcFISKHdFISKH aQE34.N34 a550.23 aNagelhout, Ryan eAuthor aBe a geologist /cBy Ryan Nagelhout  aNew York : bScholastic , c2015 a32 pages : bcolor illustrations ; c26 cm  aU  aThis appealing book focuses on the different kinds of geologists and the significant work they do. It also describes the rock cycle, plate tectonics, and some other important earth-science concepts that will inspire readers to consider a career in geology.8 a960 bLexile 8 aU bRaz-Plus  aGuided reading vInformational